• 首页
  • 本馆介绍
  • 公告通知
  • 最新文献
  • 馆藏检索
  • 电子资源
  • 读者导购
  • 参考咨询
  • 我的图书馆
  • 登录
  • 详细信息显示
  • 放入我的书架
  • 预约/预借图书
  • 作者相关作品
  • 分类相关作品
  • 丛书相关作品
  • 出版社相关作品

书目信息

  • 表格格式
  • 工作单格式
  • 卡片格式
题名:
计算机应用基础教程
    
 
作者: 刘方爱 主编
分册:  
出版信息: 济南   山东科学技术出版社  1998
页数: 263页
开本: 26cm
丛书名:
单 册:
中图分类: TP39
科图分类: 73.879
主题词: 计算机应用--高等教育--教材 , 计算机应用
电子资源:
ISBN: 978-7-5331-2284-3
000 00719nam0 2200253 450
001 0198055108
005 20100713022048.0
010    @a978-7-5331-2284-3@dCNY19.80
100    @a19981014d1998 em y0chiy0110 ea
101 0  @achi
102    @aCN@b370000
105    @ay z 000yy
106    @ar
200 1  @a计算机应用基础教程@9Ji Suan Ji Ying Yong Ji Chu Jiao Cheng @f刘方爱主编
210    @a济南@c山东科学技术出版社@d1998
215    @a263页@d26cm
300    @a山东省成人高等教育统编教材
606 0  @a计算机应用@x高等教育@x教材
606 0  @a计算机应用
690    @aTP39@v3
692    @a73.879@v2
701  0 @a刘方爱@9liu fang ai@4主编
801  0 @aCN@b91MARC@c20130904
905    @aBZT@dTP39@e222@f2@sTP39/222
    
    计算机应用基础教程/刘方爱主编.-济南:山东科学技术出版社,1998
    263页;26cm
    山东省成人高等教育统编教材
    
    ISBN 978-7-5331-2284-3:CNY19.80
    
●
相关链接 在五车中查询图书 在当当中查询图书 在豆瓣中查询图书


正题名:计算机应用基础教程     索取号:TP39/222         预约/预借

序号 登录号 条形码 馆藏地/架位号 状态 备注
1 2000068786   2000068786   旧书回溯/ [索取号:TP39/222] 在馆    
2 2000068787   2000068787   旧书回溯/ [索取号:TP39/222] 在馆    
山东省滨州职业学院图书馆 欢迎您!
大连网信软件有限公司© 版权所有